000 01534nam a2200265 a 4500
001 75392
003 BD-RjUL
005 20211209082700.0
008 190402s2018 bg |||| m||| 00| 0 ben d
035 _a(BD-RjUL)75610
040 _aBD-RjUL
_beng
_cBD-RjUL
_dBD-RjUL
041 _aeng
082 _223
_a370.114095492
_bISS 2018
100 1 _aইসলাম, মো. জাহিদুল
_9229983
245 1 0 _aশিক্ষায় দার্শনিক চিন্তার উন্নয়ন ও জন ডিউঈ = Development of Philisophical Thoughts on Education and John Dewey :
_bপরিপ্রেক্ষিত বাংলাদেশ = Bangladesh Perspective /
_6তত্ত্বাবধায়ক: এস. এম. আবু বকর
_cমো. জাহিদুল ইসলাম
246 _aDevelopment of Philisophical Thoughts on Education and John Dewey :
_bBangladesh Perspective
260 _aরাজশাহী:
_bদর্শন বিভাগ, রা. বি. ,
_c২০১৮
300 _av, ২২৭ পাতা :
_c২৯ সেমি.
502 _aথিথিস (পিএইচ. ডি.) -- দর্শন বিভাগ, রা. বি. , ২০১৮
504 _aগ্রন্থপঞ্জি : পাতা ২১৫-২২৭
650 _aশিক্ষা
_xদর্শন
_9229985
650 _aEducation
_xPhilosophy
_9229986
700 _aবকর, এস. এম. আবু , তত্ত্বাবধায়ক
_9229987
942 _2ddc
_cTHE
999 _c75392
_d75392